Global catholicism : (Record no. 14752)

000 -LEADER
fixed length control field 00713nam a2200229 a 4500
001 - CONTROL NUMBER
control field ASIN1850659567
005 - DATE AND TIME OF LATEST TRANSACTION
control field 20170105102903.0
008 - FIXED-LENGTH DATA ELEMENTS--GENERAL INFORMATION
fixed length control field 131021s2009 xxu eng d
020 ## - INTERNATIONAL STANDARD BOOK NUMBER
International Standard Book Number 1850659567 (paperback)
020 ## - INTERNATIONAL STANDARD BOOK NUMBER
International Standard Book Number 9781850659563 (paperback)
040 ## - CATALOGING SOURCE
Original cataloging agency 0
050 04 - LIBRARY OF CONGRESS CALL NUMBER
Classification number BX1390
082 04 - DEWEY DECIMAL CLASSIFICATION NUMBER
Classification number 282.09045
100 1# - MAIN ENTRY--PERSONAL NAME
Personal name LINDEN, IAN.
245 10 - TITLE STATEMENT
Title Global catholicism :
Remainder of title diversity and change since vatican ii /
Statement of responsibility, etc. IAN LINDEN.
260 ## - PUBLICATION, DISTRIBUTION, ETC.
Place of publication, distribution, etc. [S.l.] :
Name of publisher, distributor, etc. C HURST & CO PUBLISHERS LTD,
Date of publication, distribution, etc. 2009.
300 ## - PHYSICAL DESCRIPTION
Extent 1 v. (unpaged) ;
Dimensions 22 cm.
650 #0 - SUBJECT ADDED ENTRY--TOPICAL TERM
Topical term or geographic name entry element Catholic Church
650 #0 - SUBJECT ADDED ENTRY--TOPICAL TERM
Topical term or geographic name entry element Vatican Council
856 40 - ELECTRONIC LOCATION AND ACCESS
Materials specified Amazon.com
Uniform Resource Identifier <a href="http://www.amazon.com/exec/obidos/ASIN/1850659567/chopaconline-20">http://www.amazon.com/exec/obidos/ASIN/1850659567/chopaconline-20</a>
942 ## - ADDED ENTRY ELEMENTS (KOHA)
Source of classification or shelving scheme
Koha item type Book
Holdings
Withdrawn status Lost status Damaged status Not for loan Collection code Permanent Location Current Location Shelving location Date acquired Total Checkouts Full call number Barcode Date last seen Price effective from Koha item type
          Centre for International Peace & Stability (CIPS) Centre for International Peace & Stability (CIPS) General Stacks 09/10/2013   282.09045 LIN 2009 CIPS0000981 10/21/2013 10/21/2013 Book
© 2023 Central Library, National University of Sciences and Technology. All Rights Reserved.